Vida de Don Juan Valera / (Record no. 190457)
[ view plain ]
| 000 -LEADER | |
|---|---|
| campo de control de longitud fija | 01085nam a2200277 4500 |
| 001 - NÚMERO DE CONTROL | |
| campo de control | 190457 |
| 003 - IDENTIFICADOR DE NÚMERO DE CONTROL | |
| campo de control | ES-MaACL |
| 005 - FECHA Y HORA DE LA ÚLTIMA TRANSACCIÓN | |
| campo de control | 20240129115704.0 |
| 008 - DATOS DE LONGITUD FIJA--INFORMACIÓN GENERAL | |
| campo de control de longitud fija | 210330s2005 sp l001 0bspa |
| 020 ## - NÚMERO INTERNACIONAL ESTÁNDAR DEL LIBRO | |
| Número Internacional Estándar del Libro | 84-933956-2-5 |
| 080 ## - NÚMERO DE LA CLASIFICACIÓN DECIMAL UNIVERSAL | |
| Número de la Clasificación Decimal Universal | 929 Valera, Juan |
| 100 1# - ENTRADA PRINCIPAL--NOMBRE DE PERSONA | |
| Nombre de persona | Azaña, Manuel, |
| Fechas asociadas al nombre | 1880-1940 |
| 9 (RLIN) | 24223 |
| 245 10 - MENCIÓN DEL TÍTULO | |
| Título | Vida de Don Juan Valera / |
| Mención de responsabilidad, etc. | Manuel Azaña ; edición, estudio y notas de Antonio Martín Ezpeleta. |
| 260 ## - PUBLICACIÓN, DISTRIBUCIÓN, ETC. | |
| Lugar de publicación, distribución, etc. | Cabra [Córdoba] : |
| Nombre del editor, distribuidor, etc. | Ayuntamiento de Cabra, Delegación de Cultura, |
| Fecha de publicación, distribución, etc. | 2005. |
| 300 ## - DESCRIPCIÓN FÍSICA | |
| Extensión | 236 p. ; |
| Dimensiones | 21 cm. |
| 490 1# - MENCIÓN DE SERIE | |
| Mención de serie | Año Valera ; |
| Designación de volumen o secuencia | 1 |
| 504 ## - NOTA DE BIBLIOGRAFÍA, ETC. | |
| Nota de bibliografía, etc. | Bibliografía: p. 59-62. |
| 594 ## - Nota al título y mención de responsabilidad | |
| Nota al título y mención de responsabilidad | En port.: "Edición de un manuscrito inédito de Manuel Azaña" |
| 600 14 - PUNTO DE ACCESO ADICIONAL DE MATERIA--NOMBRE DE PERSONA | |
| Nombre de persona | Valera, Juan, |
| Fechas asociadas al nombre | 1824-1905- |
| Subdivisión general | Biografías |
| 9 (RLIN) | 112639 |
| 700 1# - ENTRADA AGREGADA--NOMBRE PERSONAL | |
| Nombre de persona | Martín Ezpeleta, Antonio. |
| 9 (RLIN) | 171161 |
| 830 1# - PUNTO DE ACCESO ADICIONAL DE SERIE-TÍTULO UNIFORME | |
| Título uniforme | Año Valera ; |
| Designación de volumen o secuencia | 1 |
| 9 (RLIN) | 225887 |
| 852 4# - LOCALIZACIÓN | |
| Ubicación | ES-MaACL |
| Número de control de estantería | A-14658 |
| itemnumber | 197634 |
| Sublocalización o colección | R.152449 |
| Ubicación en estantería | Depósito 1 |
| Signatura antigua | Olim: N-7658 |
| Donativo/Legado | Donación: Clara Herrera Tejada |
| 903 ## - NOMBRE PERSONAL DE DONANTE | |
| 9 | 63245 |
| a | Herrera Tejada, Clara |
| e | Donante |
| 942 ## - ELEMENTOS DE ENTRADA SECUNDARIOS (KOHA) | |
| Fuente del sistema de clasificación o colocación | Clasificación decimal universal |
| Tipo de ítem Koha | Libro impreso |
| Estatus retirado | Estado de pérdida | Fuente del sistema de clasificación o colocación | Estado de daño | No para préstamo | Biblioteca de origen | Biblioteca actual | Ubicación en estantería | Fecha de adquisición | Fuente de adquisición | Total de préstamos | Signatura topográfica completa | Código de barras | Visto por última vez | Precio de reemplazo | Tipo de ítem Koha |
|---|---|---|---|---|---|---|---|---|---|---|---|---|---|---|---|
| Clasificación decimal universal | Biblioteca del Ateneo de Madrid | Biblioteca del Ateneo de Madrid | Depósito 1 | 30/03/2021 | Donación | A-14658 | 1202480 | 23/02/2023 | 23/02/2023 | Libro impreso |
